|
|
|
|
| LEADER |
01320nam a2200349Ia 4500 |
| 001 |
EBC589319 |
| 003 |
MiAaPQ |
| 005 |
20200520144314.0 |
| 006 |
m o d | |
| 007 |
cr cn||||||||| |
| 008 |
030909m20032004enk sb 001 0 eng d |
| 020 |
|
|
|z 0719043646
|
| 035 |
|
|
|a (MiAaPQ)EBC589319
|
| 035 |
|
|
|a (Au-PeEL)EBL589319
|
| 035 |
|
|
|a (CaPaEBR)ebr10082133
|
| 035 |
|
|
|a (CaONFJC)MIL71950
|
| 035 |
|
|
|a (OCoLC)680227556
|
| 040 |
|
|
|a MiAaPQ
|c MiAaPQ
|d MiAaPQ
|
| 050 |
|
4 |
|a JN1129.L32
|b L24 2003
|
| 082 |
0 |
4 |
|a 320.94109046
|2 22
|
| 100 |
1 |
|
|a Fielding, Steven,
|d 1961-
|
| 245 |
1 |
4 |
|a The Labour governments 1964-70
|h [electronic resource] :
|b labour and cultural change /
|c Steven Fielding.
|
| 260 |
|
|
|a Manchester :
|b Manchester University Press,
|c 2003.
|
| 300 |
|
|
|a x, 259 p.
|
| 504 |
|
|
|a Includes bibliographical references and index.
|
| 533 |
|
|
|a Electronic reproduction. Ann Arbor, MI : ProQuest, 2015. Available via World Wide Web. Access may be limited to ProQuest affiliated libraries.
|
| 610 |
2 |
0 |
|a Labour Party (Great Britain)
|x History.
|
| 650 |
|
0 |
|a Political science.
|
| 651 |
|
0 |
|a Great Britain
|x Politics and government
|y 1964-1979.
|
| 655 |
|
4 |
|a Electronic books.
|
| 710 |
2 |
|
|a ProQuest (Firm)
|
| 856 |
4 |
0 |
|u https://ebookcentral.proquest.com/lib/matrademy/detail.action?docID=589319
|z Click to View
|